Responses for Show #2344 - Thursday, November 10, 1994

1994 Celebrity Jeopardy! game 4.

Contestants

[<< previous game]

Michael Sabatino, an actor from The Bold and the Beautiful

Doug Savant, an actor from Melrose Place

Kathy Mattea, a singer from "Eighteen Wheels And A Dozen Roses"

[next game >>]

Jeopardy! Round responses

EUROPE
SITCOM CHARACTERS
BUSINESS & INDUSTRY
MAMMALS
BARE FACTS
ODDS & ENDS
    $100 16
Denmark

Michael
    $100 2
Cliff (Clavin)

Michael
    $100 20
Disney

Doug
    $100 10
a zebra

Doug
    $100 14
Lady Godiva

Kathy
    $100 1
a unicorn

Doug
    $200 18
Finland

Kathy
    $200 3
Molly Dodd

Kathy
    $200 21
Kellogg

Michael
    $200 11
a bat

Kathy
    $200 24
(Doug: What is your birthday suit?)

skinny dipping

KathyDoug
    $200 4
familiarity

Doug
    $300 19
Paris

Doug
    $300 5
Carol Brady

Doug
    $300 26
Levi's (Levi Strauss)

Doug
    $300 12
a skunk

Michael
    $300 25
a body double

Doug
    $300 7
the Mason-Dixon line

Kathy
    $400 22
Oslo

Michael
    $400 6
Jerry Van Dyke

Kathy
    $400 27
the Cubs

Michael
    $400 13
(Michael: What is smell?)

sight (vision)

DougMichael
    $400 8
(Doug: What is Adeste Difeles?)

Adeste Fideles

KathyDoug
    $500 23
(Michael: What is Sweden?)

the Netherlands

Michael
    $500 17
Sally Rogers

Triple Stumper
    $500 28
[The end-of-round signal sounds.]

Hyundai

Doug
    $500 15
armadillo

Triple Stumper
    $500 9
iris

Triple Stumper

Scores at the first commercial break (after clue 15):

Kathy Doug Michael
$1,600 $700 $0

Scores at the end of the Jeopardy! Round:

Kathy Doug Michael
$2,000 $2,000 $600

Double Jeopardy! Round responses

AMERICAN HISTORY
ACTORS & ACTRESSES
5-LETTER WORDS
LANDMARKS
COOKING
BOOKS & AUTHORS
    $200 16
Canada

Doug
    $200 1
James Garner

Kathy
    $200 9
(Kathy: Clap! What is clap?)
(Alex: That's a four-letter-word.)
(Doug: What is clash?)
(Alex: Michael, want to try this?
(Kathy: I know what it is now!)
(Alex: Tell us what it is, Kathy.)
(Kathy: [*].)
(Alex: That would have been the right way to go.)

crack

KathyDoug
Triple Stumper
    $200 24
the Eiffel Tower

Michael
    $200 2
relish

Kathy
    $200 17
(Doug: What is "The Hobbit"?)

The Lord of the Rings

KathyDoug
    $400 19
Patty Hearst

Michael
    $400 4
(Susan) Sarandon

Michael
    $400 10
scalp

Kathy
    $400 26
the Sphinx

Michael
    $400 3
rice

Doug
    $400 18
motherhood

Doug
    $600 20
the Spanish-American War

Triple Stumper
    $600 5
Bogie & Bacall

Doug
    $600 11
a grove

Kathy
    $600 28
the Taj Mahal

Michael
    $600 8
(Kathy: Oh! What are parsnips?)

yams

Kathy
Triple Stumper
    $600 21
Sidney Sheldon

Triple Stumper
    $800 25
the Warren Commission

Doug
    $800 6
(Alex: The "Great Profile" was before your time. Who is [*]?)

John Barrymore

Triple Stumper
    $800 14
a llama

Kathy
    $800 29
St. Patrick's Cathedral

Kathy
    $800 12
clarified

Kathy
    $800 22
James Clavell

Doug
    $1000 27
Woodrow Wilson

Triple Stumper
    $1000 7
Jeremy Irons

Kathy
    $1000 15
a lodge

Triple Stumper
    $5,000 30
[After wagering $5,000, Kathy ducks down behind her podium.]
(Alex: Stand up, young lady, and face...)
(Kathy: ...the music.)
(Alex: ...your clue.)
...
[Upon giving the correct response, Kathy dances around a bit.]

the Leaning Tower of Pisa

Kathy
    $1000 13
huevos rancheros

Kathy
    $1,000 23
(Doug: Who is Art Buchwald?)
---
(Alex: You're down to 3,000, and we're down to 1 minute in the round.)

James Thurber

Doug

Scores at the end of the Double Jeopardy! Round:

Kathy Doug Michael
$12,200 $3,800 $2,600
(lock game)

[wagering suggestions for these scores]

Final Jeopardy! Round responses

FAMOUS SHIPS
(Alex: It took 10 months, and it wasn't a pleasant experience.)
...
(Kathy: I wrote down the Mayflower, but then I remembered it landed on Plymouth Rock.)
(Alex: If you had remembered the mutiny on that particular vessel. [*].)
MichaelWhat is Zulu Warrior
$2,500
DougWhat is the Love Boat! Yes!
$3,800
KathyWhat is the Mayflower
$2,200
the Bounty

Final scores:

Kathy Doug Michael
$10,000 $0 $100
Winner: $10,000 to American Foundation for AIDS Research 3rd place: $10,000 to Shelter for the Homeless 2nd place: $10,000 to Cedars-Sinai Alzheimer's Research Fund

Game dynamics:

Coryat scores:

Kathy Doug Michael
$8,200 $4,800 $3,100
19 R
(including 1 DD),
2 W
16 R,
5 W
(including 1 DD)
11 R,
2 W
(including 1 DD)

Combined Coryat: $16,100

[game clues] [game scores] [suggest correction]

Game tape date: 1994-10-02
The J! Archive is created by fans, for fans. Scraping, republication, monetization, and malicious use prohibited; this site may use cookies and collect identifying information. See terms. The Jeopardy! game show and all elements thereof, including but not limited to copyright and trademark thereto, are the property of Jeopardy Productions, Inc. and are protected under law. This website is not affiliated with, sponsored by, or operated by Jeopardy Productions, Inc. Join the discussion at JBoard.tv.